00387nam a22001337a 4500008004100000040005500041080001700096100002100113245002300134250001200157260005100169300001600220650001700236230510b |||||||| |||| 00| 0 eng d aNational Science LibrarycNational Science Library a808.4-5 bK2 aBolanowski, J E  aNew Polish grammar a7th ed. aWiscosin: bPolonia Publushing Company, c1962 axiii, 198p. aLinguistics